00310 a2200133 450000100060000002000180000604000220002410000200004624000370006624500320010330000080013536200090014365000240015261590 a9788510051156 cAnchieta - Pituba aBorges, Clarice10aTempo de geografia, 9º anolpor10aTempo de geografia, 9º ano a3040 a2011 4aGeografia e viagens